| 000 | 00683 a2200205 4500 | ||
|---|---|---|---|
| 020 | _a0824708865 | ||
| 020 | _a9780824708863 | ||
| 082 | 0 | 4 | _a620.106 |
| 090 |
_c837 _d837 |
||
| 100 | 1 | _aCurrie, Iain G. | |
| 245 | 1 | 0 |
_aFundamental mechanics of fluids, third edition / _cIain G. Currie, I.G. Currie. |
| 250 | _a3rd ed. | ||
| 260 |
_a[S.l.] : _bCRC Press, _c2002. |
||
| 300 |
_a548 p. ; _c24 cm. |
||
| 490 | 1 |
_aMechanical engineering ; _vVol. 154. |
|
| 700 | 1 | _aCurrie, I.G. | |
| 830 | 0 | _aMechanical engineering ; | |
| 942 |
_aSNS _cBK _k620.106 CUR |
||
| 999 |
_c29461 _d29461 |
||